| 000 | 00431nam a2200181Ia 4500 | ||
|---|---|---|---|
| 005 | 20230429135322.0 | ||
| 008 | 131103s9999 xx 000 0 und d | ||
| 040 | _aLoreto College | ||
| 041 | _aEnglish | ||
| 082 |
_a658 _bDAL |
||
| 100 | _aDale,Ernest | ||
| 245 |
_aModern management methods _cErnest Dake |
||
| 260 |
_aLondon _bPenguin _c1966 |
||
| 300 | _a234p | ||
| 700 | _aMichelon,L.C. | ||
| 850 | _aLCLIB | ||
| 942 | _cBK | ||
| 999 |
_c35977 _d86456 |
||